000 00535nam a2200181Ia 4500
008 100920s9999 xx 000 0 und d
082 _b103389
_a891.463.1 न 07
100 _aखांडकर वि.स.
245 _aअस्थी.
260 _bमेहतापब्लिशिंग हाऊस. पुणे.
_c2007
300 _a40
_bसाधी
365 _b30
520 _aलघुकथा.
630 _aअस्थी.
650 _aलघुकथा.
730 _aअस्थी.
942 _cBOOK
999 _c743821
_d743818